[Event "25th Abu Dhabi Master 2018"]
[Site "Abu Dhabi"]
[Date "2018.08.07"]
[Round "1"]
[White "Rapport, Richard"]
[Black "Samhouri, Admah Fawzi"]
[Result "1-0"]
[WhiteElo "2719"]
[BlackElo "2348"]
[Annotator "TA"]
[PlyCount "113"]
[EventDate "2018.08.05"]
[EventType "swiss"]
[EventCountry "UAE"]
[SourceTitle "playchess.com"]
[Source "ChessBase"]
[SourceQuality "1"]

1. e4 c5 2. Nc3 a6 3. Nge2 d6 4. g3 Nf6 5. Bg2 Nc6 6. d4 cxd4 7. Nxd4 Bg4 8. Nxc6 bxc6 9. Qd3 e5 10. O-O Be7 11. f4 Be6 12. b3 O-O 13. Kh1 Qc7 14. Bb2 Rfd8 15. Na4 a5 16. c4 d5 17. Bxe5 Qa7 18. exd5 cxd5 19. c5 Bxc5 20. Nxc5 Qxc5 21. Rac1 Qb4 22. Bxf6 gxf6 23. f5 Bc8 24. Rf4 Ba6 25. Qd1 Qa3 26. Qd2 Rac8 27. Rd1 Kh8 28. Rh4 Qf8 29. Qxa5 Rd6 30. h3 Qe7 31. Qd2 Rg8 32. Re1 Qd7 33. Qf4 d4 34. Qh6 Rg7 35. Rg4 Rxg4 36. hxg4 Qd8 37. g5 d3 38. gxf6 Rxf6 39. Re8+ Qxe8 40. Qxf6+ Kg8 41. Qg5+ Kh8 42. f6 Qg8 43. Qxg8+ Kxg8 44. Kg1 d2 45. Bf3 Bb7 46. Bd1 Kf8 47. b4 Ke8 48. Ba4+ Kd8 49. Kf2 Bd5 50. a3 Kc7 51. Ke3 Kd6 52. Kxd2 Ke5 53. Ke3 Kxf6 54. Bc2 h6 55. Kd4 Ke6 56. a4 Bb7 57. Be4 1-0

[Event "25th Abu Dhabi Master 2018"]
[Site "Abu Dhabi"]
[Date "2018.08.07"]
[Round "1"]
[White "Wang, Hao"]
[Black "Sidhant, Mohapatra"]
[Result "1-0"]
[WhiteElo "2711"]
[BlackElo "2341"]
[Annotator "TA"]
[PlyCount "85"]
[EventDate "2018.08.05"]
[EventType "swiss"]
[EventCountry "UAE"]
[SourceTitle "playchess.com"]
[Source "ChessBase"]
[SourceQuality "1"]

1. c4 c5 2. Nf3 Nc6 3. Nc3 Nf6 4. e3 e6 5. d4 d5 6. cxd5 exd5 7. Bb5 Bd6 8. dxc5 Bxc5 9. O-O O-O 10. b3 a6 11. Bxc6 bxc6 12. Bb2 Bg4 13. Rc1 Bd6 14. Ne2 Rc8 15. Ne5 Qe8 16. Nxg4 Nxg4 17. h3 Ne5 18. e4 Ng6 19. exd5 cxd5 20. Rxc8 Qxc8 21. Qxd5 Qc2 22. Qxd6 Qxe2 23. Qd4 f6 24. a4 Rc8 25. Qd7 Rb8 26. Qd6 Rc8 27. Bd4 h6 28. Be3 Kh7 29. Qd1 Qb2 30. Qb1 Rc2 31. b4 Qc3 32. Bd4 Qc4 33. b5 axb5 34. axb5 Nf4 35. Be3 Ne2+ 36. Kh2 Qe4 37. b6 Nc3 38. Qb3 Nd5 39. Re1 Qe5+ 40. Kg1 Rb2 41. Qd3+ f5 42. Bd2 Nf4 43. Qf3 1-0

[Event "25th Abu Dhabi Master 2018"]
[Site "Abu Dhabi"]
[Date "2018.08.07"]
[Round "1"]
[White "Dubov, Daniil"]
[Black "Ahmad, Al Khatib"]
[Result "1-0"]
[WhiteElo "2691"]
[BlackElo "2336"]
[Annotator "TA"]
[PlyCount "63"]
[EventDate "2018.08.05"]
[EventType "swiss"]
[EventCountry "UAE"]
[SourceTitle "playchess.com"]
[Source "ChessBase"]
[SourceQuality "1"]

1. Nf3 g6 2. e4 c5 3. c3 Bg7 4. Bc4 e6 5. O-O Ne7 6. d4 cxd4 7. cxd4 d5 8. Bb5+ Bd7 9. Bxd7+ Qxd7 10. e5 Nbc6 11. Nc3 O-O 12. Bg5 f6 13. exf6 Bxf6 14. Bxf6 Rxf6 15. Ne5 Nxe5 16. dxe5 Rf4 17. Rc1 Nc6 18. g3 Rd4 19. Qe2 Qg7 20. f4 g5 21. f5 exf5 22. Rxf5 Re8 23. e6 Qg6 24. Rcf1 Rxe6 25. Qf2 Rf4 26. Rxf4 gxf4 27. Qxf4 Qg7 28. Qf5 Nd4 29. Qxd5 h6 30. Rf4 Kh7 31. Qxd4 Qe7 32. Re4 1-0

[Event "25th Abu Dhabi Master 2018"]
[Site "Abu Dhabi"]
[Date "2018.08.07"]
[Round "1"]
[White "Sargissian, Gabriel"]
[Black "Siva, Mahadevan"]
[Result "1-0"]
[WhiteElo "2680"]
[BlackElo "2331"]
[Annotator "TA"]
[PlyCount "81"]
[EventDate "2018.08.05"]
[EventType "swiss"]
[EventCountry "UAE"]
[SourceTitle "playchess.com"]
[Source "ChessBase"]
[SourceQuality "1"]

1. d4 Nf6 2. c4 g6 3. Nf3 Bg7 4. g3 O-O 5. Bg2 d6 6. Nc3 Nbd7 7. O-O e5 8. b3 c6 9. e4 exd4 10. Nxd4 Re8 11. Re1 Ng4 12. Rf1 Qf6 13. Nde2 Nc5 14. f3 Ne5 15. Be3 Qe7 16. Qd2 f5 17. h3 Be6 18. Rad1 Rad8 19. Bg5 Bf6 20. Bxf6 Qxf6 21. exf5 gxf5 22. Nf4 Bf7 23. Kh2 Kh8 24. Qd4 a5 25. Rd2 Rg8 26. Nce2 a4 27. Qc3 axb3 28. axb3 b5 29. cxb5 cxb5 30. Nd5 Bxd5 31. Rxd5 f4 32. g4 Ra8 33. Rfd1 Rgd8 34. b4 Ra2 35. Rxe5 dxe5 36. Rxd8+ Qxd8 37. Qxe5+ Kg8 38. bxc5 Qd2 39. Nxf4 b4 40. Qe8+ Kg7 41. Nh5+ 1-0

[Event "25th Abu Dhabi Master 2018"]
[Site "Abu Dhabi"]
[Date "2018.08.07"]
[Round "1"]
[White "Korobov, Anton"]
[Black "Mithil, Ajgaonkar"]
[Result "1-0"]
[WhiteElo "2664"]
[BlackElo "2318"]
[Annotator "TA"]
[PlyCount "59"]
[EventDate "2018.08.05"]
[EventType "swiss"]
[EventCountry "UAE"]
[SourceTitle "playchess.com"]
[Source "ChessBase"]
[SourceQuality "1"]

1. d4 Nf6 2. c4 e6 3. Nf3 d5 4. Nc3 c6 5. e3 Nbd7 6. Bd3 Be7 7. O-O O-O 8. e4 dxe4 9. Nxe4 b6 10. Nc3 Bb7 11. Re1 Qc7 12. Bg5 Rad8 13. Qc2 Rfe8 14. Rad1 g6 15. Bf1 Qc8 16. h4 Qa8 17. Qc1 c5 18. d5 exd5 19. cxd5 Bd6 20. Bb5 Rxe1+ 21. Rxe1 Rc8 22. h5 a6 23. Bxd7 Nxd7 24. Be7 Qb8 25. hxg6 hxg6 26. Qh6 Re8 27. Ng5 Nf8 28. Ne6 Nxe6 29. Bf6 Bh2+ 30. Kh1 1-0

[Event "25th Abu Dhabi Master 2018"]
[Site "Abu Dhabi"]
[Date "2018.08.07"]
[Round "1"]
[White "Akopian, Vladimir Eduardovic"]
[Black "Kigigha, Bomo"]
[Result "1-0"]
[WhiteElo "2655"]
[BlackElo "2317"]
[Annotator "TA"]
[PlyCount "125"]
[EventDate "2018.08.05"]
[EventType "swiss"]
[EventCountry "UAE"]
[SourceTitle "playchess.com"]
[Source "ChessBase"]
[SourceQuality "1"]

1. e4 e6 2. d4 d5 3. Nc3 Bb4 4. e5 c5 5. Qg4 Ne7 6. dxc5 Nbc6 7. Bd2 O-O 8. Bd3 Ng6 9. f4 f5 10. Qg3 Bxc5 11. a3 Qh4 12. Nf3 Qxg3+ 13. hxg3 a6 14. O-O-O Bd7 15. g4 fxg4 16. Ng5 h6 17. Bxg6 hxg5 18. Rh5 Ne7 19. Rxg5 Nxg6 20. Rxg6 Be8 21. Rxe6 Bf7 22. Na4 Bxe6 23. Nxc5 Bc8 24. Be3 b6 25. Na4 b5 26. Nb6 Be6 27. Nxa8 Rxa8 28. g3 Rc8 29. Kd2 Bf5 30. c3 Be4 31. Rf1 a5 32. f5 Rf8 33. f6 gxf6 34. e6 Bf3 35. Bc5 Re8 36. e7 Kf7 37. Ke3 Rh8 38. b4 a4 39. Kd4 Rh2 40. Bd6 Rh8 41. Re1 Be4 42. c4 bxc4 43. b5 Ke6 44. Bc5 Kd7 45. b6 Kc6 46. Rf1 f5 47. Rf2 c3 48. Rh2 Re8 49. Rh6+ Kb7 50. Kxc3 f4 51. gxf4 g3 52. Re6 g2 53. Kb4 Bf5 54. Re5 Bd7 55. Rg5 Rh8 56. Rxg2 Rh3 57. Bd4 Rb3+ 58. Kc5 Rxb6 59. Rb2 Rxb2 60. Bxb2 Be8 61. Kd6 Kc8 62. f5 Bf7 63. f6 1-0

[Event "25th Abu Dhabi Master 2018"]
[Site "Abu Dhabi"]
[Date "2018.08.07"]
[Round "1"]
[White "Parligras, Mircea Emilian"]
[Black "Bhakti, Kulkarni"]
[Result "1/2-1/2"]
[WhiteElo "2645"]
[BlackElo "2312"]
[Annotator "TA"]
[PlyCount "98"]
[EventDate "2018.08.05"]
[EventType "swiss"]
[EventCountry "UAE"]
[SourceTitle "playchess.com"]
[Source "ChessBase"]
[SourceQuality "1"]

1. d4 d5 2. c4 e6 3. Nf3 Nf6 4. Nc3 Be7 5. Bf4 O-O 6. e3 b6 7. cxd5 Nxd5 8. Nxd5 Qxd5 9. Be2 Bb7 10. O-O Bd6 11. Bxd6 cxd6 12. Bd3 Nd7 13. e4 Qh5 14. Qd2 Nf6 15. Rfe1 Rac8 16. a4 a5 17. Ra3 Bc6 18. Bb1 b5 19. axb5 Qxb5 20. e5 dxe5 21. Nxe5 Qb4 22. Qxb4 axb4 23. Ra7 Bd5 24. Bd3 Ra8 25. Rea1 Rxa7 26. Rxa7 Ra8 27. Rxa8+ Bxa8 28. f3 Ne8 29. Bb5 Nd6 30. Ba4 Bd5 31. Nd3 b3 32. Nf4 Bc4 33. Kf2 Kf8 34. Ne2 h5 35. Nc1 Bd5 36. Ke2 g5 37. Nxb3 Nc4 38. Bb5 Nd6 39. Ba4 Nc4 40. Nd2 Nxb2 41. Bb5 f5 42. g3 h4 43. gxh4 gxh4 44. f4 Ke7 45. Ke1 Kd6 46. Ke2 Kc7 47. Nf3 Nd1 48. Kxd1 Bxf3+ 49. Kd2 Kd6 1/2-1/2

[Event "25th Abu Dhabi Master 2018"]
[Site "Abu Dhabi"]
[Date "2018.08.07"]
[Round "1"]
[White "Salem, A.R. Saleh"]
[Black "Gupta, Sankalp"]
[Result "1/2-1/2"]
[WhiteElo "2636"]
[BlackElo "2304"]
[Annotator "TA"]
[PlyCount "113"]
[EventDate "2018.08.05"]
[EventType "swiss"]
[EventCountry "UAE"]
[SourceTitle "playchess.com"]
[Source "ChessBase"]
[SourceQuality "1"]

1. Nf3 Nf6 2. c4 e6 3. d4 Bb4+ 4. Nbd2 b6 5. a3 Bxd2+ 6. Qxd2 Bb7 7. e3 O-O 8. Be2 d6 9. O-O Nbd7 10. b4 Ne4 11. Qc2 f5 12. d5 e5 13. Nd2 Nxd2 14. Bxd2 Qe7 15. f3 Rf6 16. Bd3 Raf8 17. a4 Qf7 18. a5 e4 19. Be2 exf3 20. Rxf3 Ne5 21. Rg3 h5 22. Rg5 h4 23. b5 Rg6 24. Rxg6 Qxg6 25. axb6 axb6 26. Ra7 Rb8 27. Bc3 Ng4 28. Bd4 Nf6 29. Bf3 Ne4 30. Bxe4 fxe4 31. h3 Qf5 32. Qe2 Kh7 33. Qe1 g5 34. Bb2 Kg6 35. Qc3 Kh5 36. Rxb7 Rxb7 37. Qh8+ Kg6 38. Qg7+ Kh5 39. Qh8+ Kg6 40. Qa8 g4 41. Qg8+ Kh5 42. Qh8+ Kg6 43. Qg8+ Kh5 44. hxg4+ Qxg4 45. Qh7+ Kg5 46. Qg8+ Kh5 47. Qh8+ Kg6 48. Qg7+ Kh5 49. Qh7+ Kg5 50. Bg7 Qf5 51. Bh6+ Kg4 52. Qg7+ Kh5 53. Bf4 Ra7 54. Qh6+ Kg4 55. Qg7+ Kh5 56. Qh6+ Kg4 57. Qg7+ 1/2-1/2

[Event "25th Abu Dhabi Master 2018"]
[Site "Abu Dhabi"]
[Date "2018.08.07"]
[Round "1"]
[White "Lupulescu, Constantin"]
[Black "Hamidi, Amir Mohammad"]
[Result "1-0"]
[WhiteElo "2619"]
[BlackElo "2299"]
[Annotator "TA"]
[PlyCount "91"]
[EventDate "2018.08.05"]
[EventType "swiss"]
[EventCountry "UAE"]
[SourceTitle "playchess.com"]
[Source "ChessBase"]
[SourceQuality "1"]

1. e4 e6 2. d4 d5 3. Nc3 Nf6 4. e5 Nfd7 5. f4 c5 6. Nf3 Nc6 7. Be3 Qb6 8. Na4 Qc7 9. Nxc5 Nxd4 10. Nxd4 Nxc5 11. Be2 a6 12. O-O Na4 13. Rb1 Bd7 14. c3 g6 15. Bd3 Bg7 16. Qe2 b5 17. Rbe1 O-O 18. h4 Nc5 19. Bb1 Ne4 20. Bxe4 dxe4 21. Bf2 Bc8 22. Qxe4 Bb7 23. Qe3 h5 24. Qh3 Bd5 25. g4 Kh7 26. gxh5 gxh5 27. Qd3+ Kh8 28. Qd1 Bh6 29. Qxh5 Rg8+ 30. Kh2 Rg2+ 31. Kh3 Kh7 32. Nf3 Bxf3 33. Qxf3 Rag8 34. Rg1 Rxg1 35. Rxg1 Rxg1 36. Bxg1 Qa5 37. Qe4+ Kg7 38. a3 Qd8 39. Bd4 Qc8 40. b3 a5 41. f5 a4 42. bxa4 bxa4 43. Qg4+ Kh7 44. Qh5 Qb7 45. Kg3 Qe4 46. Qxf7+ 1-0

[Event "25th Abu Dhabi Master 2018"]
[Site "Abu Dhabi"]
[Date "2018.08.07"]
[Round "1"]
[White "Gupta, Abhijeet"]
[Black "Shailesh, Dravid"]
[Result "1-0"]
[WhiteElo "2614"]
[BlackElo "2290"]
[Annotator "TA"]
[PlyCount "103"]
[EventDate "2018.08.05"]
[EventType "swiss"]
[EventCountry "UAE"]
[SourceTitle "playchess.com"]
[Source "ChessBase"]
[SourceQuality "1"]

1. Nf3 Nf6 2. c4 g6 3. Nc3 Bg7 4. e4 d6 5. d4 O-O 6. Be2 Nbd7 7. Be3 e5 8. d5 Ng4 9. Bg5 f6 10. Bd2 a5 11. h3 Nh6 12. h4 Nc5 13. h5 g5 14. Be3 Bd7 15. Qd2 Nf7 16. g4 Qe7 17. Nh2 Rfd8 18. Nf1 Nh6 19. f3 Be8 20. Ng3 Bf8 21. Kf2 c6 22. Kg2 a4 23. Rab1 Qc7 24. Rhc1 Be7 25. Rc2 Qa5 26. Rd1 Kf8 27. Qe1 Nd7 28. Qf2 c5 29. Nb5 Rdc8 30. Rb1 Nb8 31. Rc3 Na6 32. Ra3 Nb4 33. Bd2 Qd8 34. Rc1 Bxb5 35. cxb5 Qd7 36. Bc4 Ra5 37. Qe2 Rca8 38. Nf1 Bd8 39. Ne3 R5a7 40. Nd1 Ng8 41. Nc3 Ne7 42. Nb1 Nc8 43. Re3 Nb6 44. a3 Nxc4 45. Qxc4 Na6 46. bxa6 b5 47. Qe2 Rxa6 48. Rec3 Rb8 49. R3c2 Ra7 50. Be3 Rab7 51. Nd2 Ba5 52. Nf1 1-0

[Event "25th Abu Dhabi Master 2018"]
[Site "Abu Dhabi"]
[Date "2018.08.07"]
[Round "1"]
[White "Karthikeyan, Murali"]
[Black "Hejazipour, Mitra"]
[Result "1/2-1/2"]
[WhiteElo "2609"]
[BlackElo "2285"]
[Annotator "TA"]
[PlyCount "162"]
[EventDate "2018.08.05"]
[EventType "swiss"]
[EventCountry "UAE"]
[SourceTitle "playchess.com"]
[Source "ChessBase"]
[SourceQuality "1"]

1. e4 c5 2. Nf3 d6 3. d4 cxd4 4. Nxd4 Nf6 5. Nc3 a6 6. Be2 e5 7. Nf3 Be7 8. Bg5 Be6 9. O-O Nbd7 10. a4 O-O 11. a5 Rc8 12. Qc1 h6 13. Be3 Rxc3 14. bxc3 Nxe4 15. Bd3 Nxc3 16. Bxh6 e4 17. Bd2 Bf6 18. Bxc3 Bxc3 19. Bxe4 Bxa1 20. Qxa1 Nc5 21. Re1 Re8 22. Nd4 Nxe4 23. Rxe4 Qf6 24. Qe1 Kf8 25. h3 Bd7 26. Rxe8+ Bxe8 27. Qb4 Qe5 28. Nf3 Qd5 29. Qh4 Qxa5 30. Qh8+ Ke7 31. Qxg7 Bc6 32. Qg4 Bxf3 33. Qxf3 Qb4 34. h4 a5 35. h5 Qb1+ 36. Kh2 Qxc2 37. h6 Qg6 38. Qxb7+ Kf6 39. Qb2+ Ke6 40. Qg7 Qf6 41. Qg4+ Ke7 42. Qh5 Kf8 43. h7 Qh8 44. Qh6+ Ke7 45. g4 a4 46. Kg2 a3 47. Qe3+ Kf8 48. Qxa3 Qxh7 49. Qxd6+ Kg8 50. Qb8+ Kg7 51. Qe5+ Kg8 52. Qf5 Qg7 53. Kg3 Qd4 54. Qg5+ Kf8 55. Qf4 Qc3+ 56. Qe3 Qc7+ 57. f4 Qc2 58. f5 Qb2 59. Qh6+ Ke7 60. Qg5+ Kf8 61. Qe3 Qa1 62. g5 Qb2 63. f6 Qb8+ 64. Kg4 Qc8+ 65. Kh5 Qa8 66. Qh3 Kg8 67. Kh6 Qf8+ 68. Kh5 Qa8 69. Qe3 Qh1+ 70. Kg4 Qg2+ 71. Kf5 Qd5+ 72. Kf4 Qd6+ 73. Kg4 Qc6 74. Kg3 Qa8 75. Qd4 Qb8+ 76. Kg4 Qa8 77. Kf4 Qb8+ 78. Qe5 Qc8 79. Kg3 Qa8 80. g6 fxg6 81. Qe6+ Kh8 1/2-1/2

[Event "25th Abu Dhabi Master 2018"]
[Site "Abu Dhabi"]
[Date "2018.08.07"]
[Round "1"]
[White "Idani, Pouya"]
[Black "Raahul, VS."]
[Result "0-1"]
[WhiteElo "2599"]
[BlackElo "2277"]
[Annotator "TA"]
[PlyCount "116"]
[EventDate "2018.08.05"]
[EventType "swiss"]
[EventCountry "UAE"]
[SourceTitle "playchess.com"]
[Source "ChessBase"]
[SourceQuality "1"]

1. g3 Nf6 2. Bg2 g6 3. e4 d6 4. d4 Bg7 5. Ne2 O-O 6. O-O e5 7. h3 Nc6 8. Be3 d5 9. dxe5 Nxe4 10. c4 Nxe5 11. cxd5 Nd6 12. Na3 Bf5 13. Bd4 h5 14. Rc1 Qd7 15. Kh2 Rfe8 16. Rc3 Ne4 17. Re3 c5 18. dxc6 Nxc6 19. Bxg7 Qxd1 20. Rxd1 Nxf2 21. Rxe8+ Rxe8 22. Rd2 Kxg7 23. Nc3 Ne4 24. Bxe4 Bxe4 25. Re2 f5 26. Nab5 Re5 27. Nxe4 Rxb5 28. Nd6 Rb4 29. b3 Kf6 30. Ne8+ Kg5 31. h4+ Kh6 32. Nd6 f4 33. Rf2 Rd4 34. Nf7+ Kg7 35. Ng5 fxg3+ 36. Kxg3 Rd3+ 37. Kg2 Nd8 38. Re2 Rd7 39. Kg3 b6 40. Re3 Nf7 41. Nxf7 Kxf7 42. a4 Rd4 43. Rc3 Ke6 44. Rc7 Rg4+ 45. Kh3 Rb4 46. Rxa7 Rxb3+ 47. Kg2 Kf5 48. a5 Kg4 49. Ra6 Rb2+ 50. Kg1 bxa5 51. Rxg6+ Kxh4 52. Rc6 Rb4 53. Kg2 a4 54. Rc3 Kg5 55. Rc5+ Kg4 56. Ra5 h4 57. Ra8 Kf4 58. Kf2 Ke4 0-1

[Event "25th Abu Dhabi Master 2018"]
[Site "Abu Dhabi"]
[Date "2018.08.07"]
[Round "1"]
[White "Aravindh, Chithambaram VR"]
[Black "Mohota, Nisha"]
[Result "1-0"]
[WhiteElo "2581"]
[BlackElo "2268"]
[Annotator "TA"]
[PlyCount "129"]
[EventDate "2018.08.05"]
[EventType "swiss"]
[EventCountry "UAE"]
[SourceTitle "playchess.com"]
[Source "ChessBase"]
[SourceQuality "1"]

1. Nf3 d5 2. g3 Nf6 3. Bg2 e6 4. O-O Be7 5. d3 O-O 6. Nbd2 Nc6 7. d4 Ne4 8. e3 f5 9. c4 Kh8 10. a3 Bf6 11. Ne1 Ne7 12. Qc2 Nxd2 13. Bxd2 dxc4 14. Rd1 Nd5 15. Qxc4 Bd7 16. Nd3 Qe8 17. Rfe1 Bc6 18. Qc2 a5 19. b3 a4 20. b4 Bb5 21. Bc1 Rf7 22. Bb2 Rd8 23. e4 fxe4 24. Rxe4 Re7 25. Rde1 Rd6 26. Ne5 Bxe5 27. Rxe5 Nb6 28. Be4 Nc4 29. Rc5 Nxb2 30. Qxb2 Bc6 31. Qc2 Bxe4 32. Rxe4 Qd7 33. Ra5 g6 34. Rf4 Kg7 35. h4 Rd5 36. Rxa4 Rxd4 37. Rxd4 Qxd4 38. b5 Qe5 39. Qd3 Rf7 40. Re4 Qd5 41. Qe2 Rf6 42. a4 Kf7 43. Rc4 c6 44. bxc6 bxc6 45. Qc2 e5 46. Rc5 Qd6 47. Rc3 Kg7 48. Rd3 Qc7 49. Qc5 e4 50. Re3 Re6 51. a5 Re5 52. Qd4 Kh6 53. Ra3 Rd5 54. Qe3+ Kg7 55. a6 Rd8 56. Qxe4 Ra8 57. Qd4+ Kg8 58. Qc4+ Kg7 59. Rb3 Ra7 60. Qd4+ Kg8 61. Qc5 Ra8 62. Rb7 Qd8 63. Qc4+ Qd5 64. Qxd5+ cxd5 65. a7 1-0

[Event "25th Abu Dhabi Master 2018"]
[Site "Abu Dhabi"]
[Date "2018.08.07"]
[Round "1"]
[White "Istratescu, Andrei"]
[Black "Aaryan, Varshney"]
[Result "1-0"]
[WhiteElo "2573"]
[BlackElo "2261"]
[Annotator "TA"]
[PlyCount "79"]
[EventDate "2018.08.05"]
[EventType "swiss"]
[EventCountry "UAE"]
[SourceTitle "playchess.com"]
[Source "ChessBase"]
[SourceQuality "1"]

1. e4 c5 2. Nf3 d6 3. d4 cxd4 4. Nxd4 Nf6 5. Nc3 a6 6. g3 e5 7. Nb3 Be7 8. Bg2 O-O 9. a4 Be6 10. O-O Nbd7 11. Re1 Rc8 12. Nd2 Nb6 13. Nf1 Nc4 14. b3 Nb6 15. Bb2 Rc7 16. Ne3 Qc8 17. Qd2 Rd8 18. a5 Na8 19. f4 Bf8 20. f5 Bd7 21. g4 Bc6 22. Qe2 g5 23. Red1 h6 24. Rd2 Rcd7 25. h3 Nc7 26. Nc4 Na8 27. Bf3 Qb8 28. Kg2 Bg7 29. Rad1 Bf8 30. Qf2 Bg7 31. h4 Nh7 32. Ba3 Bf8 33. Rd3 gxh4 34. Qxh4 Ng5 35. f6 Kh7 36. Nxe5 dxe5 37. Bxf8 Rxf8 38. Rh1 Kg8 39. Qxh6 Nxf3 40. Qg7# 1-0

[Event "25th Abu Dhabi Master 2018"]
[Site "Abu Dhabi"]
[Date "2018.08.07"]
[Round "1"]
[White "Nihal Sarin"]
[Black "Navalgund, Niranjan"]
[Result "1-0"]
[WhiteElo "2556"]
[BlackElo "2255"]
[Annotator "TA"]
[PlyCount "69"]
[EventDate "2018.08.05"]
[EventType "swiss"]
[EventCountry "UAE"]
[SourceTitle "playchess.com"]
[Source "ChessBase"]
[SourceQuality "1"]

1. d4 Nf6 2. c4 g6 3. Nc3 Bg7 4. e4 d6 5. Be2 O-O 6. Be3 e5 7. d5 Na6 8. g4 Nc5 9. f3 h5 10. h4 hxg4 11. b4 Na6 12. fxg4 Qd7 13. b5 Nc5 14. Bxc5 dxc5 15. g5 Ng4 16. Qd3 f5 17. gxf6 Bh6 18. Nh3 Ne3 19. Rh2 Rxf6 20. Ng5 Ng4 21. Rg2 Bxg5 22. hxg5 Rf4 23. Kd2 Qe7 24. Rag1 Nf2 25. Qe3 Nh3 26. Rh1 Rh4 27. Rgh2 a6 28. b6 cxb6 29. Bf1 Kg7 30. Bxh3 Bxh3 31. Rxh3 Rxh3 32. Qxh3 Qxg5+ 33. Kc2 Qf4 34. d6 Rf8 35. Qh7+ 1-0

[Event "25th Abu Dhabi Master 2018"]
[Site "Abu Dhabi"]
[Date "2018.08.07"]
[Round "1"]
[White "Aryan, Chopra"]
[Black "Pranavananda, V."]
[Result "1-0"]
[WhiteElo "2536"]
[BlackElo "2232"]
[Annotator "TA"]
[PlyCount "61"]
[EventDate "2018.08.05"]
[EventType "swiss"]
[EventCountry "UAE"]
[SourceTitle "playchess.com"]
[Source "ChessBase"]
[SourceQuality "1"]

1. e4 c5 2. Nf3 d6 3. d4 cxd4 4. Nxd4 Nf6 5. Nc3 e5 6. Bb5+ Nbd7 7. Nf5 a6 8. Bxd7+ Qxd7 9. Bg5 Nxe4 10. Nxg7+ Bxg7 11. Nxe4 O-O 12. Qxd6 f6 13. Be3 Qg4 14. Ng3 Be6 15. O-O Rad8 16. Qb6 Bc4 17. h3 Qg6 18. Rfd1 Rxd1+ 19. Rxd1 Bxa2 20. Qxb7 Qxc2 21. Rd7 Bf7 22. b4 Qb3 23. Bc5 Re8 24. Ne4 Bh8 25. Nd6 Bd5 26. Qc7 Qb1+ 27. Kh2 Qg6 28. g4 Qb1 29. Nxe8 Qh1+ 30. Kg3 Qf3+ 31. Kh4 1-0

[Event "25th Abu Dhabi Master 2018"]
[Site "Abu Dhabi"]
[Date "2018.08.07"]
[Round "1"]
[White "Lalith, Babu MR"]
[Black "Vantika, Agrawal"]
[Result "1-0"]
[WhiteElo "2520"]
[BlackElo "2225"]
[Annotator "TA"]
[PlyCount "63"]
[EventDate "2018.08.05"]
[EventType "swiss"]
[EventCountry "UAE"]
[SourceTitle "playchess.com"]
[Source "ChessBase"]
[SourceQuality "1"]

1. c4 g6 2. g3 Bg7 3. Bg2 e5 4. Nc3 d6 5. e4 Nc6 6. Nge2 Nge7 7. d3 O-O 8. O-O Be6 9. Be3 Nd4 10. Qd2 c6 11. f4 f5 12. Rae1 Qd7 13. Bf2 Rae8 14. exf5 Nexf5 15. fxe5 dxe5 16. Ne4 Nxe2+ 17. Qxe2 Nd4 18. Qd2 b6 19. Be3 Bg4 20. Bh6 Nf3+ 21. Bxf3 Bxf3 22. Bxg7 Kxg7 23. Ng5 Bg4 24. Rxf8 Rxf8 25. Qc3 Qd4+ 26. Qxd4 exd4 27. Re4 Bd1 28. Ne6+ Kg8 29. Nxf8 Kxf8 30. Rxd4 Ke7 31. Kf2 c5 32. Re4+ 1-0

[Event "25th Abu Dhabi Master 2018"]
[Site "Abu Dhabi"]
[Date "2018.08.07"]
[Round "1"]
[White "Sindarov, Javokhir"]
[Black "Rakshitta, Ravi"]
[Result "0-1"]
[WhiteElo "2488"]
[BlackElo "2198"]
[Annotator "TA"]
[PlyCount "52"]
[EventDate "2018.08.05"]
[EventType "swiss"]
[EventCountry "UAE"]
[SourceTitle "playchess.com"]
[Source "ChessBase"]
[SourceQuality "1"]

1. e4 e5 2. Nf3 Nc6 3. d4 exd4 4. Nxd4 Nf6 5. Nxc6 bxc6 6. e5 Qe7 7. Qe2 Nd5 8. h4 d6 9. c4 Ba6 10. Rh3 dxe5 11. Qe4 f5 12. Qxf5 Bc8 13. Qe4 Bxh3 14. gxh3 Nb6 15. Qxc6+ Qd7 16. Bg2 Bb4+ 17. Nc3 Rd8 18. Bg5 O-O 19. Bxd8 Qd4 20. Be7 Bxc3+ 21. bxc3 Qxc3+ 22. Ke2 Qc2+ 23. Ke1 Qxf2+ 24. Kd1 Qd4+ 25. Kc1 Qxa1+ 26. Kc2 Rf2+ 0-1

[Event "25th Abu Dhabi Master 2018"]
[Site "Abu Dhabi"]
[Date "2018.08.07"]
[Round "1"]
[White "Rathanvel, VS."]
[Black "Le, Quang Liem"]
[Result "1-0"]
[WhiteElo "2348"]
[BlackElo "2727"]
[Annotator "TA"]
[PlyCount "117"]
[EventDate "2018.08.05"]
[EventType "swiss"]
[EventCountry "UAE"]
[SourceTitle "playchess.com"]
[Source "ChessBase"]
[SourceQuality "1"]

1. e4 c6 2. d4 d5 3. e5 Bf5 4. Nf3 e6 5. Be2 Ne7 6. O-O c5 7. c4 Nbc6 8. Na3 a6 9. dxc5 d4 10. Qa4 Ng6 11. Rd1 Bxc5 12. b4 Ba7 13. c5 O-O 14. Nc4 d3 15. Bf1 Nd4 16. Nxd4 Qxd4 17. Qb3 Bg4 18. Bb2 Bxd1 19. Rxd1 Qg4 20. Rxd3 Rad8 21. Nd6 Rd7 22. Rg3 Qf4 23. Rf3 Qg5 24. Rg3 Qe7 25. Bc4 Bb8 26. Rf3 Kh8 27. g3 Qg5 28. Qc3 Qg4 29. Bf1 Kg8 30. a3 Ne7 31. Rf4 Qg5 32. h4 Qh5 33. Qd2 Qh6 34. Qc2 Nd5 35. Rg4 f5 36. exf6 Bxd6 37. fxg7 Rc8 38. Qa4 Rf7 39. cxd6 Qd2 40. Bd4 h5 41. Re4 Nc3 42. d7 Rd8 43. Qa5 Rfxd7 44. Qxh5 Nxe4 45. Qh8+ Kf7 46. g8=Q+ Rxg8 47. Qh7+ Ke8 48. Qxg8+ Ke7 49. Qh7+ Ke8 50. Qg8+ Ke7 51. Qh7+ Ke8 52. Qg6+ Ke7 53. Be3 Qd5 54. Bg2 Qd1+ 55. Kh2 Nd2 56. Bc5+ Kd8 57. Qxe6 Kc8 58. Bxb7+ Kb8 59. Qe8+ 1-0

[Event "25th Abu Dhabi Master 2018"]
[Site "Abu Dhabi"]
[Date "2018.08.07"]
[Round "1"]
[White "Aliyev, Ravan"]
[Black "Cheparinov, Ivan"]
[Result "0-1"]
[WhiteElo "2346"]
[BlackElo "2718"]
[Annotator "TA"]
[PlyCount "66"]
[EventDate "2018.08.05"]
[EventType "swiss"]
[EventCountry "UAE"]
[SourceTitle "playchess.com"]
[Source "ChessBase"]
[SourceQuality "1"]

1. d4 f5 2. c4 Nf6 3. Nc3 d6 4. f3 e5 5. dxe5 dxe5 6. Qxd8+ Kxd8 7. Bg5 c6 8. e4 Kc7 9. exf5 Bxf5 10. O-O-O Na6 11. Bd3 Be6 12. Nh3 Nc5 13. Be2 Bxh3 14. gxh3 Ne6 15. Be3 Bc5 16. Bxc5 Nxc5 17. Rhg1 g6 18. b4 Ne6 19. c5 Rad8 20. Bc4 Nf4 21. Rge1 Rxd1+ 22. Nxd1 Re8 23. Nf2 b6 24. cxb6+ axb6 25. Kb2 b5 26. Bb3 Rd8 27. Kc2 N6d5 28. a3 Ne6 29. Rxe5 Nd4+ 30. Kb2 Nxb3 31. Kxb3 Rf8 32. Ng4 Rxf3+ 33. Kb2 h5 0-1

[Event "25th Abu Dhabi Master 2018"]
[Site "Abu Dhabi"]
[Date "2018.08.07"]
[Round "1"]
[White "Zuo, Yifan"]
[Black "Amin, Bassem"]
[Result "0-1"]
[WhiteElo "2334"]
[BlackElo "2684"]
[Annotator "TA"]
[PlyCount "98"]
[EventDate "2018.08.05"]
[EventType "swiss"]
[EventCountry "UAE"]
[SourceTitle "playchess.com"]
[Source "ChessBase"]
[SourceQuality "1"]

1. d4 Nf6 2. Nf3 g6 3. c4 Bg7 4. g3 O-O 5. Bg2 d6 6. O-O Nbd7 7. Nc3 e5 8. e4 c6 9. b3 Re8 10. h3 a6 11. Be3 b5 12. dxe5 dxe5 13. Qc2 Bf8 14. Rfd1 Qc7 15. Rac1 Bb7 16. Bg5 b4 17. Nb1 h6 18. Be3 Nc5 19. Nbd2 Rad8 20. Ne1 a5 21. Nf1 Ne6 22. Rxd8 Rxd8 23. Rd1 Ra8 24. Nd3 c5 25. Nc1 Nd4 26. Bxd4 cxd4 27. Nd2 h5 28. Nd3 Bh6 29. Re1 h4 30. g4 Re8 31. Qd1 Bc6 32. Re2 Qb7 33. Qe1 Qa8 34. g5 Bxg5 35. Nf3 Bf4 36. Nxf4 exf4 37. Nxd4 Bxe4 38. Bxe4 Rxe4 39. Rxe4 Nxe4 40. f3 Ng3 41. Kg2 a4 42. Qd2 axb3 43. axb3 Qa1 44. Qd3 Qh1+ 45. Kf2 Qxh3 46. c5 Qh2+ 47. Ke1 Qg1+ 48. Kd2 Qf2+ 49. Kd1 h3 0-1